Využitie počítača ako podporného prostriedku v procese učenia sa

Bibliographic Details
Main Authors: Jaššová, Katarína (Author), Stollár, Tomáš (Author)
Format: Article
Language:Slovak
ISSN:1335-003X
Subjects:

MARC

LEADER 00000nab a2200000 a 4500
001 vtls008182910
003 SK-MaSNL
005 20260304144259.0
008 250505c2005 xo |r|p|||an |000 b|slo
015 |a SNBRB2005/07 
035 |a (uuid)38938a74-6dd0-4627-b133-8e5e7548eeec 
035 |a urn:nbn:sk:snk-ab9ttl 
035 |a (urnnbn)urn:nbn:sk:snk:ar-a08urc 
038 |a SPK 
040 |a SNKBUCL  |b slo  |c SNKBUCL  |e AACR2 
041 0 |a slo  |b eng  |b slo 
044 |a xo  |c SK 
080 |a 004:37  |2 1997 
080 |a 37  |2 1997 
100 1 |a Jaššová, Katarína  |4 aut  |9 614156 
245 1 0 |a Využitie počítača ako podporného prostriedku v procese učenia sa  |c Katarína Jaššová, Tomáš Stollár 
504 |a Bibliogr. odkazy 
546 |a Res. angl., slov. 
650 0 7 |a učenie  |2 spk  |9 3884 
650 0 7 |a počítače  |2 spk  |9 2027 
700 1 |a Stollár, Tomáš  |4 aut  |9 23918 
773 0 |t Technológia vzdelávania  |g Roč. XIII., č. 4(2005)  |g Č. 3 (2005), s. 11-14  |x 1335-003X 
773 0 |t Slovenský učiteľ  |g Roč. XIII., č. 4(2005)  |g Č. 3 (2005), s. 11-14  |x 1335-003X 
850 |a Slovenská národná knižnica 
852 |a Slovenská národná knižnica 
954 |a odborná, vedecká literatúra pôvodná (slovenská)  |2 lita 
958 |a article13 
958 |a NB 
958 |a OND 
958 |a EUIPO 
999 |c 2930421  |d 2932351